E-commerce mění pravidla logistiky

Nástup predaja prostredníctvom rôznych predajných kanálov a jeho vplyv na vznik elektronického obchodu. Omnichannel logistika, ktorá sa musí vyrovnávať s odlišnými požiadavkami rôznych predajných kanálov. On-line a off-line predaj idú spolu ruka v ruke. Omnichannel logistika spojená so city logisti...

Full description

Saved in:
Bibliographic Details
Main Author: Toman, Pavel
Format: Book Chapter
Language:Czech
Subjects:
Tags: Add Tag
No Tags, Be the first to tag this record!

MARC

LEADER 00000naa a2200000 4500
001 0242971
005 20180518105306.3
041 0 |a cze 
044 |a CZ 
245 1 0 |a E-commerce mění pravidla logistiky  |c Pavel Toman 
520 |a Nástup predaja prostredníctvom rôznych predajných kanálov a jeho vplyv na vznik elektronického obchodu. Omnichannel logistika, ktorá sa musí vyrovnávať s odlišnými požiadavkami rôznych predajných kanálov. On-line a off-line predaj idú spolu ruka v ruke. Omnichannel logistika spojená so city logistikou. Doručovanie tovaru dronmi - príklad amerického e-shopu Amazon. Boom internetového obchodovania. 
610 2 0 |a obchod elektronický 
610 2 0 |a distribúcia 
610 2 0 |a tovar 
610 2 0 |a logistika distribučná 
610 2 0 |a mestá 
610 2 0 |a centrá logistické 
100 1 |a Toman, Pavel